000 00366nam a2200145Ia 4500
008 240624s9999 xx 000 0 und d
041 _aeng
082 _a658.1 SNO
100 _aSNOW BILL
245 _aMERGERS AND ACQUISITIONS FOR DUMMIES
250 _a11
260 _c2011
_aCanada
_bJohn Wiley & Sons
300 _axviii, : 338 : p. : cm. ; 23
365 _c
_b27
999 _c17809
_d17809